000 00548nam a2200193Ia 4500
008 260428s9999 xx 000 0 und d
082 _a342.02 C758p 1991 HNA
110 _aRepública de Chile
_9308
245 0 _aConstitución política de la República de Chile y ley orgánica constitucional del Congreso Nacional.
260 _aRepública de Chile
260 _bSantiago, Chile
260 _c1991
300 _a148p.
500 _aHNA
650 _aChile
_9121
650 _aConstitución
_92299
650 _aLey
_9643
942 _clibro
999 _c20479
_d20479